00833cam a22002653a 45000010005000000030006000050050017000110080041000280400015000690420007000840500007000911000034000982450088001322600029002205060030002495160020002796530025002996530023003246530052003476530034003996530031004336530034004648300028004988560041005266308PGUSA20140828083130.0040801s2004||||xxu|||||s|||||000 1 eng d aPGUSAbeng adc 4aPR1 aKingsley, Charles,d1819-187510aHypatia — or New Foes with an Old Faceh[electronic resource] /cCharles Kingsley bProject Gutenberg,c2004 aPublic domain in the USA. aElectronic text aBiographical fiction aHistorical fiction aEgypt -- History -- 30 B.C.-640 A.D. -- Fiction aAlexandria (Egypt) -- Fiction aHypatia, d. 415 -- Fiction aWomen philosophers -- Fiction 0aProject Gutenbergv630840uhttp://www.gutenberg.org/ebooks/6308